| 000 | 01015nam a22002897a 4500 | ||
|---|---|---|---|
| 001 | 6176 | ||
| 003 | FISKH | ||
| 005 | 20250325110456.0 | ||
| 008 | 250324b cb ||||| |||| 00| 0 eng d | ||
| 020 | _a0590453572 | ||
| 040 |
_aFISKH _beng _cFISKH _dFISKH |
||
| 050 | _aE89 .F73 | ||
| 082 | _a 970.004 | ||
| 100 | _aFreedman, Russell | ||
| 245 |
_aIndian chiefs / _cBy Russell Freedman |
||
| 250 | _aFirst Scholastic printing, September 1991 | ||
| 260 |
_aNew York : _bScholastic ; _c1987. |
||
| 300 |
_a151 pages : _b illustrations ; _c26 cm . |
||
| 505 | _aZ | ||
| 520 | _aBiographies of six Western Indian chiefs who led their people in a historic moment of crisis, when a decision had to be made about fighting or cooperating with the white pioneers encroaching on their grounds. | ||
| 521 | 8 |
_a1030
_bLexile |
|
| 521 | 8 |
_aZ
_bRaz-Plus |
|
| 650 |
_aAmerican Indians _vNon-fiction |
||
| 650 |
_aIndians of North America--Biography _vNon-fiction |
||
| 942 |
_2ddc _cBK _n0 |
||
| 999 |
_c6176 _d6176 |
||